[Event "11e Open International de La Fere"]
[Site "La Fere (FRA)"]
[Date "2012.07.09"]
[Round "4.21"]
[White "Ternisien, Clement"]
[Black "Rodrigues, Michel"]
[Result "1-0"]
[WhiteElo "1580"]
[BlackElo "1697"]
[PlyCount "127"]
[EventDate "2012.??.??"]

1. d4 d5 2. c4 c6 3. Nc3 Nf6 4. Nf3 e6 5. Bg5 Be7 6. e3 O-O 7. Bd3 dxc4 8. Bxc4
b5 9. Bd3 Nbd7 10. O-O a5 11. Qc2 g6 12. Bh6 Re8 13. h3 Nd5 14. Nxd5 cxd5 15.
Bf4 Qb6 16. Qe2 Ba6 17. Ne5 Nxe5 18. Bxe5 f6 19. Bf4 b4 20. Bxa6 Rxa6 21. Rac1
Bd6 22. Bxd6 Qxd6 23. Rc5 Rb8 24. Qf3 Kg7 25. Rfc1 Rb7 26. Qe2 Kf7 27. Qc2 Rba7
28. Qa4 Rc7 29. a3 Qd7 30. Qxd7+ Rxd7 31. a4 Ke7 32. Kf1 Raa7 33. Rc7 Kd6 34.
Rxd7+ Kxd7 35. Rc5 Ra8 36. Ke2 Ra7 37. f3 Kd6 38. e4 dxe4 39. fxe4 e5 40. Kd3
exd4 41. Kxd4 Ra6 42. b3 h6 43. h4 h5 44. g3 Ke6 45. Kc4 Ra8 46. Kb5 Kd6 47.
Rd5+ Ke6 48. Kb6 f5 49. Rxa5 Rxa5 50. Kxa5 fxe4 51. Kxb4 e3 52. Kc3 Kf5 53. Kd3
Kg4 54. Kxe3 Kxg3 55. a5 Kxh4 56. a6 Kg3 57. a7 h4 58. a8=Q h3 59. Qh1 g5 60.
Qg1+ Kh4 61. Qh2 g4 62. Kf4 g3 63. Qxg3+ Kh5 64. Qg5# 1-0

[Event "11e Open International de La Fere"]
[Site "La Fere (FRA)"]
[Date "2012.07.09"]
[Round "4.22"]
[White "Calonne, Pascal"]
[Black "Rouffignac, Marie"]
[Result "0-1"]
[WhiteElo "1558"]
[BlackElo "1689"]
[PlyCount "126"]
[EventDate "2012.??.??"]

1. Nf3 Nf6 2. c4 g6 3. d4 Bg7 4. Nc3 d5 5. e3 O-O 6. Qb3 dxc4 7. Bxc4 c5 8. O-O
Nc6 9. Be2 cxd4 10. Nxd4 Nxd4 11. exd4 Qxd4 12. Be3 Qe5 13. Rad1 b6 14. Bf3 Rb8
15. Rfe1 Qa5 16. Bf4 Be6 17. Qb5 Qxb5 18. Nxb5 Rbd8 19. b3 Rxd1 20. Rxd1 a6 21.
Na7 Bg4 22. Bxg4 Nxg4 23. Nc6 Re8 24. h3 e5 25. Bg3 Nh6 26. f3 Nf5 27. Bf2 Nd4
28. Nb4 a5 29. Nd3 Rc8 30. Bxd4 exd4 31. Rc1 Rxc1+ 32. Nxc1 Bh6 33. Nd3 Be3+
34. Kf1 f6 35. Ke2 Kf7 36. g4 f5 37. gxf5 gxf5 38. f4 Ke6 39. Kf3 Kd5 40. Nb2
b5 41. Nd1 a4 42. Nxe3+ dxe3 43. Kxe3 axb3 44. axb3 Kc5 45. Kd3 Kb4 46. Kd4
Kxb3 47. Ke5 Kc4 48. Kxf5 b4 49. Ke6 b3 50. f5 b2 51. f6 b1=Q 52. f7 Qg6+ 53.
Ke7 Qg7 54. Ke8 Qe5+ 55. Kd7 Qf6 56. Ke8 Qe6+ 57. Kf8 Kd5 58. Kg8 Qg6+ 59. Kh8
Qxf7 60. h4 Ke6 61. h5 Qf8+ 62. Kxh7 Kf7 63. h6 Qg8# 0-1

[Event "11e Open International de La Fere"]
[Site "La Fere (FRA)"]
[Date "2012.07.09"]
[Round "4.23"]
[White "Delias, Alexis"]
[Black "Roux, Jean-Francois"]
[Result "0-1"]
[WhiteElo "1499"]
[BlackElo "1656"]
[PlyCount "90"]
[EventDate "2012.??.??"]

1. d4 Nf6 2. c4 e6 3. Nc3 Bb4 4. Qc2 O-O 5. Nf3 b6 6. e3 Bb7 7. Bd3 h6 8. e4 d6
9. Bd2 Nbd7 10. a3 Bxc3 11. Bxc3 c5 12. O-O-O cxd4 13. Nxd4 Nc5 14. f3 Nxd3+
15. Rxd3 Nxe4 16. fxe4 Bxe4 17. Rhd1 Bxd3 18. Rxd3 Rc8 19. Nb5 Rxc4 20. Nxd6
Qg5+ 21. Kb1 Rg4 22. g3 Qg6 23. Ka1 Rg5 24. Qe2 Rd8 25. Qf3 Rd5 26. Rxd5 exd5
27. Nf5 Rd7 28. Bxg7 f6 29. Bxh6 Kh7 30. Qf4 d4 31. Bf8 Qg5 32. Qf1 Qh5 33. Qd3
Qg6 34. h4 Kh8 35. Qc4 Qxf5 36. Qc8 Kh7 37. Qe8 d3 38. Bb4 d2 39. Bxd2 Rxd2 40.
Qf7+ Kh6 41. Qf8+ Kh5 42. Qf7+ Kg4 43. Qc4+ Kh3 44. g4 Rd1+ 45. Ka2 Qd5 0-1

[Event "11e Open International de La Fere"]
[Site "La Fere (FRA)"]
[Date "2012.07.09"]
[Round "4.24"]
[White "Degraeve, Thomas"]
[Black "Cretin, Stephane"]
[Result "1-0"]
[WhiteElo "1432"]
[BlackElo "1640"]
[PlyCount "39"]
[EventDate "2012.??.??"]

1. d4 e6 2. c4 d5 3. Nc3 Nf6 4. Bg5 c5 5. cxd5 cxd4 6. Qxd4 Be7 7. Bxf6 Bxf6 8.
Qd3 exd5 9. e3 O-O 10. Nf3 Be6 11. Be2 Nc6 12. O-O Rc8 13. a3 Re8 14. Rfd1 Bxc3
15. Qxc3 Re7 16. Bb5 Na5 17. Qd3 a6 18. Ba4 b5 19. Bc2 Nc4 20. Qxh7+ 1-0

[Event "11e Open International de La Fere"]
[Site "La Fere (FRA)"]
[Date "2012.07.09"]
[Round "4.25"]
[White "Sobry, Sebastien"]
[Black "Sergent, Paul"]
[Result "1-0"]
[WhiteElo "2039"]
[BlackElo "1430"]
[PlyCount "105"]
[EventDate "2012.??.??"]

1. e4 e5 2. Nf3 Nc6 3. Bb5 a6 4. Ba4 Nf6 5. O-O Bc5 6. c3 O-O 7. d4 exd4 8.
cxd4 Ba7 9. d5 Ne7 10. Nc3 b5 11. Bc2 d6 12. h3 Ng6 13. a3 Bb7 14. Nd4 Ne5 15.
f4 Ng6 16. Kh1 Qe8 17. Qd3 c5 18. dxc6 Bxc6 19. Nxc6 Qxc6 20. Be3 Bxe3 21. Qxe3
Rfe8 22. Rad1 Rad8 23. Rd4 a5 24. Qd2 Rd7 25. Bd3 Rb8 26. Rc1 Qc5 27. Nxb5 Qb6
28. a4 Rbd8 29. Rdc4 Nh5 30. Rc6 Qb7 31. Be2 Ng3+ 32. Kh2 Nxe4 33. Qe3 Nc5 34.
Rxd6 Qb8 35. Qxc5 Rxd6 36. Nxd6 Qxd6 37. Qxd6 Rxd6 38. Rc8+ Nf8 39. Bc4 Rd7 40.
Ra8 Rc7 41. b3 g6 42. Rxa5 Ne6 43. f5 gxf5 44. Rxf5 Kg7 45. Kg1 Nc5 46. Bxf7
Nxa4 47. bxa4 Ra7 48. Be8 Ra8 49. Bc6 Rc8 50. Bb7 Rc1+ 51. Kh2 Rc7 52. Rb5 Kf7
53. a5 1-0

[Event "11e Open International de La Fere"]
[Site "La Fere (FRA)"]
[Date "2012.07.09"]
[Round "4.27"]
[White "Husson, Cybele"]
[Black "Dagnicourt, Francis"]
[Result "1-0"]
[WhiteElo "1937"]
[BlackElo "1668"]
[PlyCount "53"]
[EventDate "2012.??.??"]

1. e4 c5 2. Nc3 d6 3. Bb5+ Bd7 4. Bxd7+ Qxd7 5. f4 Nc6 6. Nf3 g6 7. O-O Bg7 8.
d3 e6 9. Bd2 Nge7 10. Rb1 O-O 11. a3 Nd4 12. Ne2 Nec6 13. c3 Nxe2+ 14. Qxe2 d5
15. g4 Rad8 16. e5 Ne7 17. Be1 d4 18. c4 Rc8 19. Bh4 a6 20. Nd2 b5 21. b3 Nc6
22. Ne4 Nxe5 23. fxe5 Bxe5 24. Nf6+ Bxf6 25. Bxf6 Rc6 26. Qd2 e5 27. h3 1-0

[Event "11e Open International de La Fere"]
[Site "La Fere (FRA)"]
[Date "2012.07.09"]
[Round "4.28"]
[White "Caloone, Thomas"]
[Black "Perrin, Yves"]
[Result "1-0"]
[WhiteElo "1660"]
[BlackElo "1890"]
[PlyCount "57"]
[EventDate "2012.??.??"]

1. e4 e6 2. d4 c5 3. Nf3 Qb6 4. Nc3 Nf6 5. Bd2 cxd4 6. Na4 Qc6 7. e5 Nd5 8. c4
Nb4 9. Nxd4 Qe4+ 10. Be3 Qxe5 11. a3 N4c6 12. Be2 Nxd4 13. Bxd4 Qg5 14. O-O Nc6
15. Be3 Qe5 16. Nc3 h6 17. Qd2 g5 18. Bf3 f5 19. Bxc6 Bg7 20. Nb5 Qxb2 21. Qxb2
Bxb2 22. Rab1 Be5 23. Bf3 g4 24. Be2 Rh7 25. Nxa7 h5 26. Nb5 Ke7 27. Rfe1 d6
28. c5 dxc5 29. Bd3 1-0

[Event "11e Open International de La Fere"]
[Site "La Fere (FRA)"]
[Date "2012.07.09"]
[Round "4.29"]
[White "Molet, Asher"]
[Black "Nal, Patrick"]
[Result "1-0"]
[WhiteElo "1844"]
[BlackElo "1647"]
[PlyCount "49"]
[EventDate "2012.??.??"]

1. d4 d5 2. Nf3 Nf6 3. Bf4 Bg4 4. Ne5 Bh5 5. Nd2 e6 6. c3 Nbd7 7. Qb3 Nb6 8. e3
Bd6 9. Bc4 Ke7 10. Bg5 h6 11. Bh4 a6 12. Bd3 c6 13. f4 g5 14. fxg5 hxg5 15.
Bxg5 Rg8 16. h4 Qc7 17. g4 Bg6 18. Nxg6+ fxg6 19. O-O-O Raf8 20. Rhf1 Nbd7 21.
e4 dxe4 22. Nxe4 e5 23. Nxd6 Qxd6 24. dxe5 Nxe5 25. Bc4 1-0

[Event "11e Open International de La Fere"]
[Site "La Fere (FRA)"]
[Date "2012.07.09"]
[Round "4.30"]
[White "Soveaux, Jean"]
[Black "Bracq, Christian"]
[Result "1-0"]
[WhiteElo "1834"]
[BlackElo "1640"]
[PlyCount "57"]
[EventDate "2012.??.??"]

1. d4 d5 2. c4 c6 3. Nf3 Nf6 4. g3 dxc4 5. Bg2 b5 6. Qc2 Bb7 7. O-O e6 8. Rd1
Bd6 9. Ne5 Bxe5 10. dxe5 Nfd7 11. Nc3 f6 12. Nxb5 O-O 13. Nd6 Qc7 14. Nxb7 Qxb7
15. Qxc4 Nxe5 16. Qxe6+ Kh8 17. b3 Nbd7 18. Bb2 Qb5 19. e3 Rae8 20. Qd6 h6 21.
Rd2 Nb6 22. Rad1 Rd8 23. Qe7 Rde8 24. Qd6 Rd8 25. Qe6 Rde8 26. Qf5 g6 27. Qc2
h5 28. Be4 Re7 29. Rd8 1-0

[Event "11e Open International de La Fere"]
[Site "La Fere (FRA)"]
[Date "2012.07.09"]
[Round "4.31"]
[White "Boudier, Eric"]
[Black "Lalot, Hugues"]
[Result "1-0"]
[WhiteElo "1810"]
[BlackElo "1612"]
[PlyCount "33"]
[EventDate "2012.??.??"]

1. Nc3 c5 2. e4 Nc6 3. f4 g6 4. Nf3 Bg7 5. Bc4 e6 6. d3 Nge7 7. O-O O-O 8. Qe1
a6 9. a4 d5 10. Bb3 Rb8 11. Qg3 b5 12. f5 Rb7 13. Bg5 exf5 14. Nxd5 Qe8 15.
Nf6+ Bxf6 16. Bxf6 h6 17. Qh4 1-0

[Event "11e Open International de La Fere"]
[Site "La Fere (FRA)"]
[Date "2012.07.09"]
[Round "4.32"]
[White "Delias, Gerard"]
[Black "Vekemans, Sylvain"]
[Result "0-1"]
[WhiteElo "1610"]
[BlackElo "1779"]
[PlyCount "76"]
[EventDate "2012.??.??"]

1. c4 e5 2. g3 f5 3. Bg2 Nf6 4. Nc3 g6 5. e3 Bg7 6. Nge2 O-O 7. d4 exd4 8. Nxd4
Nc6 9. O-O Nxd4 10. exd4 c6 11. d5 Re8 12. Bf4 h6 13. Qd2 g5 14. Be3 Ng4 15.
Bd4 Ne5 16. b3 cxd5 17. Nxd5 d6 18. Rfe1 g4 19. Qc3 Rb8 20. Re3 b6 21. Rae1 Bb7
22. Kf1 Qg5 23. f4 gxf3 24. Bxf3 h5 25. Bg2 Rf8 26. Nf4 Bxg2+ 27. Kxg2 Rbe8 28.
b4 Qh6 29. c5 Rc8 30. Qb3+ Kh7 31. cxd6 Ng4 32. Re7 Rg8 33. d7 Rcd8 34. R1e6
Qg5 35. Re8 Bxd4 36. Rxg8 Qxg8 37. Qd3 Ne3+ 38. Kh3 Qg4# 0-1

[Event "11e Open International de La Fere"]
[Site "La Fere (FRA)"]
[Date "2012.07.09"]
[Round "4.33"]
[White "Menjour, Mohamed"]
[Black "Paris, Pierre-Julien"]
[Result "0-1"]
[WhiteElo "1770"]
[BlackElo "1592"]
[PlyCount "83"]
[EventDate "2012.??.??"]

1. e4 c6 2. d4 d5 3. Nc3 dxe4 4. Nxe4 Nd7 5. Bg5 Ngf6 6. Bd3 Qb6 7. Nf3 Nxe4 8.
Bxe4 Nf6 9. Bxf6 gxf6 10. b3 Be6 11. c3 O-O-O 12. Qc2 h5 13. Nh4 Kb8 14. O-O
Rg8 15. Nf5 Bc8 16. g3 Qc7 17. Nh4 Bh3 18. Bg2 Bxg2 19. Kxg2 Rd5 20. Qe4 e6 21.
f4 Qd8 22. Rad1 f5 23. Qf3 Qxh4 24. c4 Ra5 25. Rf2 Qg4 26. Qd3 Bb4 27. a4 Rd8
28. Qc2 h4 29. Rf3 hxg3 30. hxg3 Rh8 31. Qd3 Qh3+ 32. Kf2 Qh2+ 33. Ke3 Rd8 34.
Qe2 Qxe2+ 35. Kxe2 Be7 36. Rfd3 Kc7 37. Kd2 Bf6 38. Kc2 Bg7 39. Kb1 c5 40. d5
Ra6 41. Kc2 Rad6 42. R3d2 0-1

[Event "11e Open International de La Fere"]
[Site "La Fere (FRA)"]
[Date "2012.07.09"]
[Round "4.34"]
[White "Huyet, Yannick"]
[Black "Brugge, Bruno"]
[Result "0-1"]
[WhiteElo "1569"]
[BlackElo "1735"]
[PlyCount "56"]
[EventDate "2012.??.??"]

1. e4 c5 2. Nf3 g6 3. d4 b6 4. dxc5 bxc5 5. Qd5 Nc6 6. Qxc5 Bg7 7. Bd3 Qc7 8.
Nc3 d6 9. Nd5 Qb7 10. Ba6 dxc5 11. Bxb7 Bxb7 12. Nc7+ Kd7 13. Nxa8 Bxa8 14. Ng5
Ke8 15. c3 Ne5 16. O-O h6 17. Nf3 Nd3 18. Be3 Bxe4 19. Bc1 Nf6 20. Rd1 Ng4 21.
Rd2 f5 22. h3 Ngxf2 23. Rxf2 Nxf2 24. Kxf2 c4 25. Be3 a6 26. Rd1 Kf7 27. Rd7
Rb8 28. Ra7 Rxb2+ 0-1

[Event "11e Open International de La Fere"]
[Site "La Fere (FRA)"]
[Date "2012.07.09"]
[Round "4.35"]
[White "Teodorczyk, Ludovic"]
[Black "Alloui-Cros, Alix"]
[Result "1/2-1/2"]
[WhiteElo "1731"]
[BlackElo "1540"]
[PlyCount "64"]
[EventDate "2012.??.??"]

1. d4 Nf6 2. c4 g6 3. Nc3 Bg7 4. e4 d6 5. h3 O-O 6. Be3 e5 7. d5 Nbd7 8. Bd3 a6
9. Rc1 b6 10. Nge2 Nh5 11. g4 Nhf6 12. Ng3 Nc5 13. Bb1 Qe7 14. b4 Nb7 15. c5
dxc5 16. bxc5 Nxc5 17. Bxc5 bxc5 18. Na4 Rb8 19. Bd3 Qd6 20. Qd2 Re8 21. Nxc5
c6 22. g5 Nd7 23. Nxd7 Bxd7 24. dxc6 Bxc6 25. O-O Bd7 26. Kg2 Red8 27. Rcd1
Rbc8 28. Qe2 Qe6 29. Rh1 Bb5 30. Bxb5 axb5 31. Rxd8+ Rxd8 32. Rb1 Ra8 1/2-1/2

[Event "11e Open International de La Fere"]
[Site "La Fere (FRA)"]
[Date "2012.07.09"]
[Round "4.36"]
[White "Lapersonne, Patrick"]
[Black "Soriano, Jean-Claude"]
[Result "0-1"]
[WhiteElo "1504"]
[BlackElo "1730"]
[PlyCount "94"]
[EventDate "2012.??.??"]

1. c4 c6 2. Nc3 d5 3. cxd5 cxd5 4. Nf3 Nf6 5. d4 e6 6. e3 a6 7. Bd3 Bd6 8. O-O
O-O 9. Rb1 b5 10. b4 Qe7 11. a3 Nbd7 12. e4 dxe4 13. Nxe4 Bb7 14. Nc5 Nb6 15.
Nxb7 Qxb7 16. Be3 Nbd5 17. Rc1 Rfc8 18. Qd2 Rc7 19. Rc2 Rac8 20. Rfc1 Rxc2 21.
Rxc2 Rxc2 22. Qxc2 Qc7 23. Ng5 Qxc2 24. Bxc2 h6 25. Ne4 Nxe4 26. Bxe4 f5 27.
Bf3 Kf7 28. Bxd5 exd5 29. Kf1 g5 30. h3 f4 31. Bd2 Kf6 32. Ke2 Kf5 33. f3 h5
34. Be1 Bf8 35. g4+ fxg3 36. Bxg3 Bg7 37. Kd3 Bh6 38. Kc2 g4 39. fxg4+ hxg4 40.
hxg4+ Kxg4 41. Be5 Kf3 42. Kd1 Ke4 43. Kc2 Be3 44. Kd1 Bxd4 45. Bxd4 Kxd4 46.
Kd2 Kc4 47. Kc2 d4 0-1

[Event "11e Open International de La Fere"]
[Site "La Fere (FRA)"]
[Date "2012.07.09"]
[Round "4.37"]
[White "Godart, Michel"]
[Black "Sergent, Gaspard"]
[Result "1/2-1/2"]
[WhiteElo "1729"]
[BlackElo "1530"]
[PlyCount "50"]
[EventDate "2012.??.??"]

1. c4 e5 2. Nc3 Nf6 3. g3 Nc6 4. Bg2 Bc5 5. e3 d6 6. Nge2 Bg4 7. h3 Bf5 8. d4
Bb6 9. d5 Ne7 10. e4 Bg6 11. b4 a5 12. Rb1 Nd7 13. a3 f5 14. Qd3 O-O 15. O-O
fxe4 16. Bxe4 Bxe4 17. Nxe4 h6 18. Be3 Bxe3 19. Qxe3 b6 20. g4 Ng6 21. f4 exf4
22. Nxf4 Nxf4 23. Rxf4 Rxf4 24. Qxf4 axb4 25. axb4 Ra2 1/2-1/2

[Event "11e Open International de La Fere"]
[Site "La Fere (FRA)"]
[Date "2012.07.09"]
[Round "4.39"]
[White "Bourgeois-Copigny, Yann"]
[Black "Nicolas, Christian"]
[Result "0-1"]
[WhiteElo "1370"]
[BlackElo "1716"]
[PlyCount "59"]
[EventDate "2012.??.??"]

1. d4 Nf6 2. c4 c5 3. d5 b5 4. Nd2 b4 5. a3 bxa3 6. bxa3 g6 7. e4 Bg7 8. Bb2 d6
9. Bd3 Nbd7 10. f4 Rb8 11. Bc3 O-O 12. Ngf3 Nh5 13. Bxg7 Kxg7 14. f5 Nf4 15.
Bc2 Nxg2+ 16. Kf2 Nf4 17. Ng5 Ne5 18. Ke3 Nh5 19. Rg1 Qa5 20. Ne6+ fxe6 21.
Qxh5 Qc3+ 22. Ke2 Qxc2 23. Qg5 exf5 24. Qxe7+ Rf7 25. Qxd6 Qxd2+ 26. Kxd2 Nxc4+
27. Kc3 Nxd6 28. e5 Ne4+ 29. Kd3 Ba6+ 30. Ke3 0-1

[Event "11e Open International de La Fere"]
[Site "La Fere (FRA)"]
[Date "2012.07.09"]
[Round "4.40"]
[White "Durot, Edwige"]
[Black "Chaignet, Lucas"]
[Result "1-0"]
[WhiteElo "1713"]
[BlackElo "1411"]
[PlyCount "59"]
[EventDate "2012.??.??"]

1. e4 e5 2. Nf3 Nc6 3. Bc4 Bc5 4. c3 Nf6 5. d3 d6 6. O-O O-O 7. Re1 Bg4 8. Nbd2
Qd7 9. a4 a6 10. Nf1 Rae8 11. Be3 Nd8 12. b4 Bxe3 13. Nxe3 Ne6 14. Nxg4 Nxg4
15. Nh4 Nf4 16. Nf5 Nf6 17. Qf3 d5 18. Bb3 dxe4 19. dxe4 Qd3 20. Qxd3 Nxd3 21.
Red1 Rd8 22. f3 Nh5 23. Ne7+ Kh8 24. Nd5 Ndf4 25. Nxc7 Ne2+ 26. Kf1 Nxc3 27.
Rxd8 Rxd8 28. Rc1 Rd3 29. Nd5 Nf4 30. Rxc3 1-0

[Event "11e Open International de La Fere"]
[Site "La Fere (FRA)"]
[Date "2012.07.09"]
[Round "4.41"]
[White "Fornes, Paul"]
[Black "Wolfangel, Claude"]
[Result "0-1"]
[WhiteElo "1353"]
[BlackElo "1784"]
[PlyCount "94"]
[EventDate "2012.??.??"]

1. d4 Nf6 2. Nf3 b6 3. e3 Bb7 4. Bd3 e6 5. O-O c5 6. c3 Qc7 7. Nbd2 Bd6 8. Nc4
Be7 9. a4 d5 10. Ncd2 Nbd7 11. Re1 Ne4 12. Qc2 f5 13. Nf1 g5 14. N3d2 g4 15.
Nxe4 fxe4 16. Be2 h5 17. dxc5 Nxc5 18. c4 Nd3 19. Bxd3 exd3 20. Qxd3 Qxc4 21.
Qd4 Qxd4 22. exd4 Kd7 23. Bf4 Rhf8 24. Be5 Bg5 25. Ne3 Bh4 26. g3 Bf6 27. Ng2
Bg5 28. Nf4 Bxf4 29. Bxf4 Rac8 30. Rac1 Rc4 31. Rxc4 dxc4 32. Re5 Rf5 33. Rxf5
exf5 34. Bb8 a6 35. Bf4 b5 36. axb5 axb5 37. Kf1 Ke6 38. Bd2 Kd5 39. Bc3 Ke4
40. Ke2 Bd5 41. Ke1 Kd3 42. Kd1 Bf3+ 43. Ke1 Kc2 44. Kf1 b4 45. Bxb4 Kxb2 46.
Kg1 c3 47. Bxc3+ Kxc3 0-1

[Event "11e Open International de La Fere"]
[Site "La Fere (FRA)"]
[Date "2012.07.09"]
[Round "4.42"]
[White "Drouin, Philippe"]
[Black "Biniaux, Michael"]
[Result "1/2-1/2"]
[WhiteElo "1303"]
[BlackElo "1724"]
[PlyCount "73"]
[EventDate "2012.??.??"]

1. b3 d5 2. Ba3 Nf6 3. d4 Nbd7 4. Nd2 c5 5. dxc5 Qa5 6. Bb2 e5 7. Ngf3 d4 8. a3
Qxc5 9. b4 Qc7 10. Rc1 b5 11. c3 dxc3 12. Rxc3 Qb8 13. e4 Be7 14. Qe2 a6 15.
Qe3 O-O 16. h3 Bd8 17. Nb3 Bb6 18. Nc5 Nxc5 19. bxc5 Ba5 20. Bd3 Re8 21. O-O
Bxc3 22. Bxc3 Bd7 23. Qg5 h6 24. Qg3 Nh5 25. Qh4 g6 26. g4 Nf4 27. Qxh6 f6 28.
g5 Re7 29. gxf6 Rh7 30. f7+ Kh8 31. Bxe5+ Qxe5 32. Nxe5 Nxh3+ 33. Kg2 Rxh6 34.
Nxd7 Kg7 35. f8=Q+ Rxf8 36. Nxf8 Nf4+ 37. Kf3 1/2-1/2

[Event "11e Open International de La Fere"]
[Site "La Fere (FRA)"]
[Date "2012.07.09"]
[Round "4.43"]
[White "Caloone, Claire"]
[Black "Verhaeghe, Koen"]
[Result "0-1"]
[WhiteElo "1287"]
[BlackElo "1698"]
[PlyCount "76"]
[EventDate "2012.??.??"]

1. e4 e6 2. d4 d5 3. exd5 exd5 4. Nc3 c6 5. Nf3 Bd6 6. g3 Bg4 7. Bg2 Ne7 8. O-O
Qd7 9. Re1 Na6 10. a3 Nc7 11. Qd3 f6 12. Ne2 Bf5 13. Qc3 g5 14. h4 h6 15. Kh2
O-O-O 16. Be3 Ng6 17. h5 Nh4 18. Qd2 Nxg2 19. Kxg2 Bh3+ 20. Kg1 Qg4 21. Nh2
Qxh5 22. Rac1 Qg6 23. c4 h5 24. cxd5 Nxd5 25. Nc3 Nxc3 26. Rxc3 h4 27. g4 Qe4
28. f3 Bxh2+ 29. Kxh2 Qxf3 30. Rg1 Bxg4 31. Bxg5 Qf5 32. Be3 Rhg8 33. Qe1 h3
34. Qh4 Qg6 35. Rcc1 f5 36. Rcd1 Qd6+ 37. Qg3 Qxg3+ 38. Rxg3 Bxd1 0-1

[Event "11e Open International de La Fere"]
[Site "La Fere (FRA)"]
[Date "2012.07.09"]
[Round "4.44"]
[White "Rech, Thomas"]
[Black "Biellmann, Patrick"]
[Result "1-0"]
[WhiteElo "1390"]
[BlackElo "1330"]
[PlyCount "144"]
[EventDate "2012.??.??"]

1. d4 d5 2. Nc3 Nf6 3. Nf3 Nbd7 4. Bg5 h6 5. Bh4 c5 6. dxc5 Nxc5 7. e3 a6 8.
Bxf6 exf6 9. Qxd5 Be6 10. Qxd8+ Rxd8 11. Be2 Be7 12. O-O O-O 13. Rad1 Rc8 14.
Nd4 Rfd8 15. Nxe6 fxe6 16. Rxd8+ Rxd8 17. Rd1 Kf7 18. Rxd8 Bxd8 19. Bf3 b6 20.
Ne4 Nxe4 21. Bxe4 f5 22. Bd3 a5 23. b3 Be7 24. Kf1 Bb4 25. f3 Kf6 26. Ke2 g5
27. e4 f4 28. g3 fxg3 29. hxg3 Bd6 30. g4 Ke5 31. Bc4 Bb4 32. Kd3 Be7 33. c3
Ba3 34. Kc2 Be7 35. Be2 Kf4 36. Kd3 e5 37. Bd1 Kg3 38. Kc4 Kf2 39. b4 axb4 40.
cxb4 Ke1 41. Ba4 Kf2 42. Bd7 Kxf3 43. Bf5 Ke3 44. b5 Bf6 45. a4 Kf4 46. Kd5 h5
47. gxh5 g4 48. Bxg4 Kxg4 49. h6 Kg5 50. h7 Kf4 51. Kc6 Kxe4 52. Kxb6 Kd3 53.
Kc6 e4 54. b6 e3 55. b7 e2 56. b8=Q e1=Q 57. Qd6+ Bd4 58. h8=Q Qe4+ 59. Kc7 Kc4
60. Qhxd4+ Qxd4 61. Qxd4+ Kxd4 62. a5 Kc5 63. a6 Kb4 64. Kb7 Kc5 65. a7 Kd5 66.
a8=Q Ke4 67. Kc7+ Kd4 68. Qc6 Ke5 69. Kd7 Kd4 70. Ke6 Ke3 71. Qd5 Ke2 72. Qd4
Kf3 1-0

[Event "11e Open International de La Fere"]
[Site "La Fere (FRA)"]
[Date "2012.07.09"]
[Round "4.45"]
[White "Voiculescu-Holvad, Stefan"]
[Black "Dagnicourt, Marie"]
[Result "1-0"]
[WhiteElo "1390"]
[BlackElo "1326"]
[PlyCount "58"]
[EventDate "2012.??.??"]

1. d4 Nf6 2. c4 g6 3. Nf3 Bg7 4. g3 c6 5. Bg2 O-O 6. Nc3 Qa5 7. a3 d5 8. cxd5
Nxd5 9. Bd2 Qc7 10. Nxd5 cxd5 11. Bf4 Qd8 12. Qd2 Nc6 13. Rc1 Bd7 14. Rc5 e6
15. O-O Rc8 16. Rfc1 b6 17. R5c2 Qe7 18. Bh6 Na5 19. Rxc8 Bxc8 20. Qf4 Nc4 21.
b3 e5 22. dxe5 Nxa3 23. Bxg7 Kxg7 24. Rc6 Bb7 25. Qf6+ Qxf6 26. exf6+ Kg8 27.
Rc7 Rb8 28. Ne5 Re8 29. Rxb7 Rxe5 1-0

[Event "11e Open International de La Fere"]
[Site "La Fere (FRA)"]
[Date "2012.07.09"]
[Round "4.46"]
[White "Siegfried, Francois"]
[Black "Torck, Antoine"]
[Result "0-1"]
[WhiteElo "1270"]
[BlackElo "1380"]
[PlyCount "108"]
[EventDate "2012.??.??"]

1. d4 d5 2. c4 e6 3. Nf3 Nf6 4. e3 Nc6 5. cxd5 exd5 6. Bb5 Bg4 7. O-O Bd6 8.
Nbd2 Ne4 9. h3 Nxd2 10. Bxd2 Bh5 11. Rc1 g5 12. g4 Bg6 13. a3 f5 14. Nh2 fxg4
15. Nxg4 Bf5 16. Qf3 Be4 17. Qf6 Qxf6 18. Nxf6+ Ke7 19. Nxe4 dxe4 20. Bc3 Rhg8
21. Kh1 h5 22. Bc4 Rg6 23. Be2 g4 24. Rg1 g3 25. Rg2 Rf8 26. Rf1 h4 27. Bg4
Rgf6 28. Be1 gxf2 29. Bxf2 Bg3 30. Kg1 Bxf2+ 31. Rgxf2 Rxf2 32. Rxf2 Rxf2 33.
Kxf2 Kf6 34. Bc8 b6 35. Bb7 Na5 36. Bxe4 Nc4 37. Ke2 Nxb2 38. Bc2 Nc4 39. a4
Na3 40. Bb3 c6 41. Kf3 b5 42. Kg4 b4 43. a5 Nb1 44. Ba4 Nc3 45. Bxc6 b3 46. Bf3
b2 47. e4 b1=Q 48. e5+ Ke6 49. Kxh4 Qh7+ 50. Kg3 Qd3 51. h4 Qxd4 52. Bg4+ Kxe5
53. h5 Ne4+ 54. Kh4 Nf6 0-1

[Event "11e Open International de La Fere"]
[Site "La Fere (FRA)"]
[Date "2012.07.09"]
[Round "4.47"]
[White "Bohr, Frederic"]
[Black "Torck, Kathleen"]
[Result "1/2-1/2"]
[WhiteElo "1370"]
[BlackElo "1321"]
[PlyCount "56"]
[EventDate "2012.??.??"]

1. e4 d5 2. exd5 Nf6 3. c4 e6 4. dxe6 Bxe6 5. Nf3 Bc5 6. Be2 Nc6 7. O-O Qd7 8.
b3 O-O-O 9. d3 h5 10. a3 Nd4 11. b4 Nxf3+ 12. Bxf3 Bd4 13. Ra2 Bg4 14. Nd2 g5
15. b5 Bxf3 16. Nxf3 g4 17. Nxd4 Qxd4 18. Be3 Qd6 19. Qb3 Qxd3 20. Rb2 h4 21.
Qa4 Nd7 22. Qxa7 Qxc4 23. Qa8+ Nb8 24. b6 c6 25. Qa5 Rd5 26. Qe1 Rhd8 27. Bd2
Qd4 28. Bc3 Qa4 1/2-1/2

[Event "11e Open International de La Fere"]
[Site "La Fere (FRA)"]
[Date "2012.07.09"]
[Round "4.48"]
[White "Galoppa, Antoine"]
[Black "Degraeve, Remy"]
[Result "1-0"]
[WhiteElo "1190"]
[BlackElo "1368"]
[PlyCount "125"]
[EventDate "2012.??.??"]

1. e4 e5 2. Nf3 Nc6 3. Bc4 Bc5 4. O-O Nf6 5. Nc3 O-O 6. d3 h6 7. Be3 Bb6 8.
Bxb6 axb6 9. b3 d6 10. h3 Ne7 11. Nd5 Ng6 12. Kh2 c6 13. Nxf6+ Qxf6 14. Rg1 Nf4
15. d4 Re8 16. dxe5 dxe5 17. Qd2 Nxh3 18. gxh3 Qxf3 19. Rg3 Qf6 20. Qe2 Qf4 21.
Qf3 Qxf3 22. Rxf3 Be6 23. Bd3 Ra7 24. a4 b5 25. Be2 Rea8 26. Rd3 bxa4 27. bxa4
Rxa4 28. Rxa4 Rxa4 29. Rd8+ Kh7 30. Rb8 Rxe4 31. Bd3 f5 32. Bxe4 fxe4 33. Rxb7
Kg6 34. Rc7 Bd5 35. Kg3 Kf6 36. Kg4 g6 37. Ra7 h5+ 38. Kh4 Kf5 39. Kg3 g5 40.
h4 gxh4+ 41. Kxh4 Kf4 42. Ra3 Bf7 43. Ra5 Bd5 44. Ra3 Bf7 45. Ra5 Be8 46. c4
Bf7 47. Rc5 Bg6 48. Rxc6 Kf3 49. Rf6+ Ke2 50. Rxg6 Kxf2 51. Re6 e3 52. Rxe5 e2
53. c5 e1=Q 54. Rxe1 Kxe1 55. c6 Kf2 56. c7 Kg1 57. c8=Q Kh1 58. Qc2 Kg1 59.
Kg3 h4+ 60. Kxh4 Kf1 61. Kg3 Ke1 62. Kf3 Kf1 63. Qf2# 1-0

[Event "11e Open International de La Fere"]
[Site "La Fere (FRA)"]
[Date "2012.07.09"]
[Round "4.49"]
[White "Fornes, Marie"]
[Black "Tawegoum, Ivan"]
[Result "0-1"]
[WhiteElo "1040"]
[BlackElo "1721"]
[PlyCount "70"]
[EventDate "2012.??.??"]

1. e4 c5 2. Nf3 e6 3. d4 cxd4 4. Nxd4 a6 5. Nc3 Qc7 6. Bd2 Nc6 7. Nxc6 dxc6 8.
Bd3 Nf6 9. O-O Bd6 10. g3 e5 11. Be2 Be6 12. Bf3 O-O-O 13. Qe2 h6 14. Rad1 g5
15. g4 Rhg8 16. h3 h5 17. gxh5 Bxh3 18. Kh2 Be6 19. Be3 g4 20. Bg2 Nxh5 21. Qd3
Nf4 22. Kg1 Nxd3 23. Rxd3 g3 24. fxg3 Rxg3 25. Kf2 Rdg8 26. Rfd1 Rxg2+ 27. Ke1
Qe7 28. Bf2 Bc5 29. Rf3 Bxf2+ 30. Rxf2 Qh4 31. Rdd2 Rg1+ 32. Ke2 Bc4+ 33. Ke3
R8g3+ 34. Rf3 Qf4+ 35. Kf2 Rf1# 0-1